Statistiken für Land Form Quiz # 2

Klicken Sie hier um das Quiz zu spielen!

Allgemein

  • Dieses Quiz wurde 5,601 mal gespielt
    (2,376 seit der letzten Aktualisierung)
  • Das Durchschnittsergebnis liegt bei 13 aus 16

Antwortstatistiken

Answer % Korrekt
Chile
98%
Kanada
95%
Island
93%
Spanien
93%
Österreich
91%
Griechenland
89%
Russland
87%
Türkei
86%
Vietnam
84%
Südafrika
84%
Neuseeland
82%
Philippinen
80%
Kuba
79%
Libyen
69%
Saudi-Arabien
62%
Afghanistan
54%

Verteilung der Resultate

Perzentil nach korrekt beantworteten Fragen

Anzahl Personen mit jedem Resultat

Ihre Resultats-Entwicklung

Sie haben dieses Quiz seit der letzten Aktualisierung nicht gespielt